| 000 | 00707nam a2200253Ia 4500 | ||
|---|---|---|---|
| 003 | OSt | ||
| 005 | 20220924121511.0 | ||
| 006 | a|||||r|||| 00| 0 | ||
| 007 | ta | ||
| 008 | 220923b |||||||| |||| 00| 0 per d | ||
| 024 | _a215714 | ||
| 037 | _cTextual | ||
| 040 |
_aARTS _cARTS _bper |
||
| 041 |
_2per _aper |
||
| 082 | _aO164,1G07,MA:g, 111M5;N9 | ||
| 100 |
_aJalalu-D-Din Rumi Tr. _9186125 |
||
| 245 | 0 | _aMasnavi I Ma'navi tr by E H Whinfield | |
| 250 | _a2nd | ||
| 260 |
_aIran _bYassavoli _c1999 |
||
| 300 |
_a165 p _ccm. |
||
| 650 | _aENGLISH LITERATURE | ||
| 942 |
_hO164,1G07,MA:g, 111M5;N9 _cTEXL _2CC |
||
| 999 |
_c407769 _d407769 |
||